Kraje odwiedzone przez Papieża Benedykta XVI - Statystyki

Ogólne statystyki
  • Ten quiz został rozwiązany 23 razy
  • Średni wynik to 15 z 24
Statystyki odpowiedzi
Kraj % Poprawnych
Polska
100%
Włochy
100%
Niemcy
94%
Stany Zjednoczone
94%
Francja
83%
Hiszpania
83%
Portugalia
83%
Brazylia
78%
Meksyk
78%
Wielka Brytania
78%
Austria
72%
Turcja
72%
Czechy
61%
Australia
56%
Chorwacja
56%
Izrael
56%
Cypr
39%
Malta
39%
Kuba
33%
Kamerun
28%
Liban
28%
Angola
22%
Jordania
22%
Benin
17%
Nie znaleziono quizów pasujących do podanych kryteriów
Rozkład punktacji
Procent ludzi z każdym wynikiem
Percentyl według liczby udzielonych odpowiedzi
Twoja historia wyników
Nie rozwiązałeś tego quizu